Building materials cost index : Sabah & Sarawak November 2004 - April 2005

Bibliographic Details
Format: Book
Published: Kuala Lumpur : Construction Industry Development Board Malaysia , 2005
Subjects:

MARC

LEADER 00000cam a2200000 7i4500
001 0000019217
005 20070530.0
020 |a 9832724376 
040 |a INS 
090 0 0 |a B54 
245 0 0 |a Building materials cost index :   |b Sabah & Sarawak November 2004 - April 2005 
260 |a Kuala Lumpur :   |b Construction Industry Development Board Malaysia ,   |c 2005 
300 |a 44p. :   |b ill. ;   |c 31 cm. 
650 0 0 |a Building materials   |x Standards   |x Proces   |z Sabah 
650 0 0 |a Building materials   |x Standards   |x Proces   |z Sarawak 
999 |a B000000106   |b BOOK   |c Course Notes   |e Default branch